<?xml version="1.0" encoding="UTF-8"?>
<record
    xmlns:xsi="http://www.w3.org/2001/XMLSchema-instance"
    xsi:schemaLocation="http://www.loc.gov/MARC21/slim http://www.loc.gov/standards/marcxml/schema/MARC21slim.xsd"
    xmlns="http://www.loc.gov/MARC21/slim">

  <leader>02594nam a2200349 a 4500</leader>
  <controlfield tag="001">000042739</controlfield>
  <controlfield tag="003">DO-SdBPM</controlfield>
  <controlfield tag="005">20250624120804.0</controlfield>
  <controlfield tag="007">ta</controlfield>
  <controlfield tag="008">140206s  2011    dr     000 j spa d</controlfield>
  <datafield tag="020" ind1=" " ind2=" ">
    <subfield code="a">9789945475029</subfield>
  </datafield>
  <datafield tag="040" ind1=" " ind2=" ">
    <subfield code="a">DO-SdBPM</subfield>
    <subfield code="b">spa</subfield>
    <subfield code="c">BPMSU </subfield>
    <subfield code="d">rda</subfield>
  </datafield>
  <datafield tag="082" ind1=" " ind2="4">
    <subfield code="a">RD863.4408</subfield>
    <subfield code="b">H557p 2011</subfield>
    <subfield code="2">22</subfield>
  </datafield>
  <datafield tag="100" ind1="1" ind2=" ">
    <subfield code="a">Hern&#xE1;ndez, &#xC1;ngela,</subfield>
    <subfield code="d">1954-</subfield>
    <subfield code="e">autora</subfield>
    <subfield code="4">aut</subfield>
  </datafield>
  <datafield tag="100" ind1="z" ind2=" ">
    <subfield code="a"> Hern&#xE1;ndez N&#xFA;&#xF1;ez, Angela</subfield>
  </datafield>
  <datafield tag="100" ind1="z" ind2=" ">
    <subfield code="a"> N&#xFA;&#xF1;ez, Angela Hern&#xE1;ndez</subfield>
  </datafield>
  <datafield tag="245" ind1="1" ind2="3">
    <subfield code="a">El peso del roc&#xED;o :</subfield>
    <subfield code="b">cuentos reunidos /</subfield>
    <subfield code="c">&#xC1;ngela Hern&#xE1;ndez N&#xFA;&#xF1;ez.</subfield>
  </datafield>
  <datafield tag="260" ind1=" " ind2=" ">
    <subfield code="c"> </subfield>
  </datafield>
  <datafield tag="264" ind1=" " ind2=" ">
    <subfield code="a">Santo Domingo :</subfield>
    <subfield code="b">Ediciones Ferilibro,</subfield>
    <subfield code="c">2011</subfield>
  </datafield>
  <datafield tag="300" ind1=" " ind2=" ">
    <subfield code="a">394 p&#xE1;ginas. ;</subfield>
    <subfield code="c">23 cm.</subfield>
  </datafield>
  <datafield tag="336" ind1=" " ind2=" ">
    <subfield code="a">texto</subfield>
    <subfield code="b">txt</subfield>
    <subfield code="2">rdacontent</subfield>
  </datafield>
  <datafield tag="337" ind1=" " ind2=" ">
    <subfield code="a">sin mediaci&#xF3;n</subfield>
    <subfield code="b">n</subfield>
    <subfield code="2">rdamedia</subfield>
  </datafield>
  <datafield tag="338" ind1=" " ind2=" ">
    <subfield code="a">volumen</subfield>
    <subfield code="b">nc</subfield>
    <subfield code="2">rdacarrier</subfield>
  </datafield>
  <datafield tag="500" ind1=" " ind2=" ">
    <subfield code="a">Incluye datos biogr&#xE1;ficos de la autora en las solapas</subfield>
  </datafield>
  <datafield tag="505" ind1="0" ind2=" ">
    <subfield code="a"> Una brecha en el agua / Danilo Manera, 11.-- Los relatos alotr&#xF3;picos de &#xC1;ngela Hern&#xE1;ndez / Ester Gimbernat Gonz&#xE1;lez, 17.-- Al&#xF3;tropos. Al&#xF3;tropos, 23.-- C&#xF3;mo recoger la sombra de las flores, 39.-- El cuadro, 55.-- Amo tres hombres, 61.-- M&#xE1;s all&#xE1;, 69.-- El mejor, 73.-- Los fantasmas prefieren la luz del d&#xED;a, 81.-- El suegro, 97.-- Al&#xED; Sam&#xE1;n, 101.-- Paradoja en los andenes, 107.-- Teresa Irene, 111.-- La fotograf&#xED;a quemada, 121.-- El encuentro, 127.-- La alegr&#xED;a, 131.-- Masticar una rosa. Masticar una rosa, 137.-- Olef Mill&#xF3;, 145.-- &#xBF;Has visto la luna?, 169.-- El cuerpo l&#xED;mite, 177.-- Lugares comunes, 183.-- Telegrama, 191.-- Estaciones, 195.-- Ojos aguados, 201.-- C&#xE1;lidamente, suya, 207.-- El acuerdo, 225.-- La abuela po&#xE9;tica, 231.-- Piedra de sacrificio. La cualidad de la nostalgia, 243.-- Una gota de sangre, 251.-- D&#xE1;lmata, 255.-- Los Olaxis, 261.-- Estancia fuga, 271.-- C&#xFA;mulo nimbo, 279.-- Vera efigies, 289.-- El paso estrecho, 293.-- Mon&#xF3;logo de Lumas, 297.-- Leve aluvi&#xF3;n, 303.-- Arrecifes, 309.-- Abura, 313.-- Meis&#xF3;, 323.-- Cuentos casi extra&#xF1;os. Un hombre muy parecido a un fugaz pensamiento, 341.-- Maguey y manzanas verdes, 343.-- Los mercaderes del amor, 349.-- El aura de la aprendiza, 351.-- Umbral de milenio, 357.-- Anexos. De comparecer se trata, 367.-- Antolog&#xED;as que incluyen cuentos de &#xC1;ngela Hern&#xE1;ndez. Otras publicaciones, 379.-- Comentarios cr&#xED;ticos, 385.</subfield>
    <subfield code="t"> </subfield>
    <subfield code="t"> </subfield>
    <subfield code="t"> </subfield>
  </datafield>
  <datafield tag="590" ind1=" " ind2=" ">
    <subfield code="a">Inventariado, 2025 /VM</subfield>
  </datafield>
  <datafield tag="650" ind1=" " ind2="7">
    <subfield code="a">Cuentos dominicanos</subfield>
    <subfield code="x">Colecciones</subfield>
  </datafield>
  <datafield tag="650" ind1=" " ind2="7">
    <subfield code="a">Literatura dominicana</subfield>
    <subfield code="x">Colecciones</subfield>
  </datafield>
  <datafield tag="710" ind1="2" ind2=" ">
    <subfield code="a">Rep&#xFA;blica Dominicana. </subfield>
    <subfield code="b">Direcci&#xF3;n General de la Feria del Libro.</subfield>
  </datafield>
  <datafield tag="910" ind1=" " ind2=" ">
    <subfield code="a">VMateo V. Control de calidad. BPMSU </subfield>
  </datafield>
  <datafield tag="942" ind1=" " ind2=" ">
    <subfield code="2">ddc</subfield>
    <subfield code="c">BK</subfield>
  </datafield>
  <datafield tag="952" ind1=" " ind2=" ">
    <subfield code="0">0</subfield>
    <subfield code="1">0</subfield>
    <subfield code="2">ddc</subfield>
    <subfield code="7">0</subfield>
    <subfield code="8">CD</subfield>
    <subfield code="a">BPMET</subfield>
    <subfield code="b">BPMET</subfield>
    <subfield code="d">2025-06-24</subfield>
    <subfield code="l">0</subfield>
    <subfield code="o">BPMSU CD RD863.4408 H557p 2011</subfield>
    <subfield code="p">BPMSU25060100</subfield>
    <subfield code="r">2025-06-24</subfield>
    <subfield code="w">2025-06-24</subfield>
    <subfield code="y">BK</subfield>
  </datafield>
  <datafield tag="999" ind1=" " ind2=" ">
    <subfield code="c">15205</subfield>
    <subfield code="d">15205</subfield>
  </datafield>
</record>
